| 000 | 00715nam a2200181 i 4500 | ||
|---|---|---|---|
| 001 | 184272 | ||
| 003 | ES-MaACL | ||
| 005 | 20250901095956.0 | ||
| 007 | t| | ||
| 008 | 150605s1895 sp ||||1| spa d | ||
| 110 | 2 |
_aCámara de Comercio, Industria y Navegación de Madrid _92367 |
|
| 245 | 1 | 0 |
_aMemoria presentada por la Junta directiva a la Asamblea General el día 28 de febrero de 1895 / _cCámara de Comercio, Industria y Navegación de Madrid. |
| 260 |
_aMadrid : _b[s.n.], _c1895 ( _fTip. de Tomás Minuesa de los Ríos) |
||
| 300 |
_a254 p. ; _c23 cm. |
||
| 610 | 2 | 4 |
_aCámara de Comercio, Industria y Navegación de Madrid- _vMemorias. _9150719 |
| 852 |
_aES-MaACL _jT-804-F-3 |
||
| 999 |
_c184272 _d184272 |
||